منتخب نعتيں : مر تبہ درد دھلوی (Record no. 3037)

MARC details
000 -LEADER
fixed length control field 00886 a2200241 4500
005 - DATE AND TIME OF LATEST TRANSACTION
control field 20081106115634.0
008 - FIXED-LENGTH DATA ELEMENTS--GENERAL INFORMATION
fixed length control field 081106t xxu||||| |||| 00| 0 ur d
010 ## - LCCN (DPL NO)
LC control number UR-7304
020 ## - INTERNATIONAL STANDARD BOOK NUMBER
Terms of availability 20.00
035 ## - SYSTEM CONTROL NUMBER
System control number U-5860
037 ## - SOURCE OF ACQUISITION
Source of stock number/acquisition D.B.Act / Pub
082 ## - DEWEY DECIMAL CLASSIFICATION NUMBER
Classification number 841
245 ## - TITLE STATEMENT
Title منتخب نعتيں : مر تبہ درد دھلوی
246 ## - VARYING FORM OF TITLE
Title proper/short title Muntakhib Natein: Dard Delhvi
Remainder of title by Dard Delhvi
260 ## - PUBLICATION, DISTRIBUTION, ETC. (IMPRINT)
Place of publication, distribution, etc دھلی
Name of publisher, distributor, etc ارتقا پبليشنگ ہا ؤس
Date of publication, distribution, etc 2007
270 ## - ADDRESS
Address 657-گلی نمبر 26 ،جعفرآبا د
City دھلی
Postal code 110053
Telephone number 9891195087
300 ## - PHYSICAL DESCRIPTION
Extent 80p
Other physical details 22 cm (Pbk.)
650 ## - SUBJECT ADDED ENTRY--TOPICAL TERM
Topical term or geographic name as entry element نعتيں ، نظميں
650 ## - SUBJECT ADDED ENTRY--TOPICAL TERM
Topical term or geographic name as entry element Poems
700 ## - ADDED ENTRY--PERSONAL NAME
Personal name درد دھلوی
942 ## - ADDED ENTRY ELEMENTS (KOHA)
Institution code [OBSOLETE] dpl
Item type Urdu Bks
Call number prefix /
Source of classification or shelving scheme Dewey Decimal Classification
Classification part 841
Call number suffix ن ع ت
Holdings
Withdrawn status Lost status Source of classification or shelving scheme Damaged status Not for loan Collection code Home library Current library Date acquired Cost, normal purchase price Total Checkouts Full call number Barcode Date last seen Copy number Cost, replacement price Koha item type
    Dewey Decimal Classification   Not For Loan Non-fiction D.B.Act.Division D.B.Act.Division 06/11/2008 20.00   841 ن ع ت U-5860 15/09/2008 1 20.00 Urdu Bks

© Delhi Public Library
Hit Counter
free hit counter